000 00383 a2200157 4500
001 177022
020 _a
040 _cMagnum
100 _aPiva, Marcia Cruz
240 1 0 _aNicaragua: um povo e sua historia (1552-1984)
_lpor
245 1 0 _aNicaragua: um povo e sua historia (1552-1984)
362 0 _a1899
440 1 _aPaulinas
697 _aMAGNITO: PARADIDATICO
942 _cBK
999 _c177022
_d177022